Differences between mutual funds and ETF

Rozdiely medzi podielovými fondami a fondami ETF (burzovo-obchodovanými fondami, verejne obchodovanými fondami). V súčasnosti sa na Slovensku stáva viac populárnym pasívne investovanie v ETF fondoch. Výhody.

Salvato in:
Dettagli Bibliografici
Autore principale: Hajduová, Zuzana, 1974-
Altri autori: Klimek, Miroslav
Natura: Capitolo di libro
Lingua:inglese
Soggetti:
Tags: Aggiungi Tag
Nessun Tag, puoi essere il primo ad aggiungerne!!

MARC

LEADER 00000nla a2200000 4500
001 0234087
005 20240502073811.6
041 0 |a eng 
044 |a SK 
245 1 0 |a Differences between mutual funds and ETF  |c Zuzana Hajduová, Miroslav Klimek 
520 |a Rozdiely medzi podielovými fondami a fondami ETF (burzovo-obchodovanými fondami, verejne obchodovanými fondami). V súčasnosti sa na Slovensku stáva viac populárnym pasívne investovanie v ETF fondoch. Výhody. 
610 2 0 |a investovanie 
610 2 0 |a fondy podielové 
610 2 0 |a fondy investičné 
610 2 0 |a fondy indexové 
100 1 |a Hajduová, Zuzana, 1974- 
700 1 |a Klimek, Miroslav